| 000 | 00764nam a2200217 i 4500 | ||
|---|---|---|---|
| 001 | 63122 | ||
| 003 | ES-MaACL | ||
| 005 | 20251004063112.0 | ||
| 007 | t| | ||
| 008 | 031128s1960 sp ||||1| fre d | ||
| 100 | 1 |
_aFerrà, Bartomeu, _d1843-1925 _950221 |
|
| 245 | 1 | 0 |
_aChopín et George Sand a Majorque / _cBartomeu Ferra ; versión française par Alfred Rosset ; precede d'un extrait des "Souvenirs d'Aurore Sand". |
| 260 |
_aPalma de Mallorca : _bCarboxa, _c1960 ( _fSoler) |
||
| 300 |
_a89 p. : _bil. ; _c19 cm. |
||
| 500 | _aCon retrato de Chopin. | ||
| 600 | 1 | 4 |
_aChopin, Fryderyk. _9144154 |
| 600 | 1 | 4 |
_aSand, George, _d1804-1876 _9103060 |
| 700 | 1 |
_aRosset, Alfred. _999848 |
|
| 852 |
_aES-MaACL _jC-18905 _bR.46884 |
||
| 999 |
_c63122 _d63122 |
||